| 000 | 00682nam a2200217 i 4500 | ||
|---|---|---|---|
| 001 | 83957 | ||
| 003 | ES-MaACL | ||
| 005 | 20230906174924.0 | ||
| 007 | t| | ||
| 008 | 041118s1985 sp l ||||1| spa d | ||
| 080 | _a342.4(55)"1979"(094.5) | ||
| 110 | 1 |
_aIrán. _95286 |
|
| 240 | 1 | 0 | _aConstitución, 1979 |
| 245 | 1 | 0 |
_aConstitución de la República Islámica de Irán / _c[traducido por la Embajada de la República Islámica de Irán en Madrid]. |
| 250 | _a1ª ed. | ||
| 260 |
_a[Madrid] : _bResalat, _c1985. |
||
| 300 |
_aXXII, 81 p. ; _c17 cm. |
||
| 650 | 4 |
_aConstituciones- _zIrán. _9158258 |
|
| 710 | 1 |
_aIrán. _bEmbajada (España) _9158257 |
|
| 852 |
_aES-MaACL _jL-9178 |
||
| 999 |
_c83957 _d83957 |
||